Datum a čas kvízu
41.5
Celkem bodů
Celkový počet nahraných bodů na tomto kvízu bez doplňovacích otázek.
1.
Pořadí na kvízu
Konečné umístění týmu na tomto kvízu.
Zaznamenané odpovědi
| # | Otázka | Odpověď | Body | Výsledky |
|---|---|---|---|---|
| 1. | Jak se jmenuje pirátský poslan... | Jakub Michálek | 1 | |
| 2. | Co by chtěl podle svých slov z... | národní menu | 1 | |
| 3. | Jak se jmenuje tento americký... | Patrick Dempsey | 0 | |
| 4. | Ostravský rodák Karel Orlita,... | exorcistů (vymítačů ďábla). | 0 | |
| 5. | V Mexiku se konal vrchol tenis... | Iga Świątek, Jessica Pegula | 0.5 | |
| 6. | Fiktivní věda může být ta, kte... | warp | 0 | |
| 7. | Od konce 19. století už je pře... | éter | 1 | |
| 8. | Někdy se stává, že z těžko pře... | Jules Verne | 1 | |
| 9. | Mezi lety 2004 a 2010 byl v pr... | Ztraceni, J.J. Abrams | 0.5 | |
| 10. | Nemůžeme opomenout Járu Cimrma... | dvoudílné plavky | 1 |